Η θέση του τουρισμού και η συμβολή του στην εθνική οικονομία

Αποθηκεύτηκε σε:
Λεπτομέρειες βιβλιογραφικής εγγραφής
Συγγραφή απο Οργανισμό/Αρχή: Σύνδεσμος Ελληνικών Τουριστικών Επιχειρήσεων
Μορφή: Βιβλίο
Γλώσσα:Greek
Δημοσίευση: Αθήνα : Σύνδεσμος Ελληνικών Τουριστικών Επιχειρήσεων, 1992
Θέματα:
Ετικέτες: Προσθήκη ετικέτας
Δεν υπάρχουν, Καταχωρήστε ετικέτα πρώτοι!

MARC

LEADER 00000cam a2200000 i 4500
001 1/42940
008 031021s1995 gre d
035 |l 10071259 
040 |a GR-MY-UA  |b gre  |e aacr 
041 0 |a gre 
082 0 |a 338.4791495 
110 2 |a Σύνδεσμος Ελληνικών Τουριστικών Επιχειρήσεων. 
245 1 2 |a Η θέση του τουρισμού και η συμβολή του στην εθνική οικονομία /  |c Σύνδεσμος Ελληνικών Τουριστικών Επιχειρήσεων 
260 |a Αθήνα :   |b Σύνδεσμος Ελληνικών Τουριστικών Επιχειρήσεων,   |c 1992 
300 |a 78 σ.  |b διαγρ. 
650 0 0 |a Tourism  |z Greece. 
852 |a INST  |b CHIOS  |e 20031021  |h 338.4791495 ΣΥΝ  |p 005200013366  |q 005200013366  |t BK  |y 0 
901 |a BIBL2-2003-3 
909 |a Χ  |b 104601 
970 |a ΣΑΛΑΜΟΥΡΑ  |b ΜΑΡΙΑ  |z 2003/10/21